Aplikácia modelu zmiešaných rolí personálnych útvarov v podmienkach územnej samosprávy na Slovensku
Posúdenie kvality činnosti personálnych útvarov v kontexte územnej samosprávy využitím modelu zmiešaných rolí.
Salvato in:
| Autore principale: | |
|---|---|
| Altri autori: | |
| Natura: | Capitolo di libro |
| Lingua: | slovacco |
| Soggetti: | |
| Tags: |
Nessun Tag, puoi essere il primo ad aggiungerne!!
|
MARC
| LEADER | 00000naa a2200000 4500 | ||
|---|---|---|---|
| 001 | 0210784 | ||
| 005 | 20240502073518.7 | ||
| 041 | 0 | |a slo | |
| 044 | |a SK | ||
| 245 | 1 | 0 | |a Aplikácia modelu zmiešaných rolí personálnych útvarov v podmienkach územnej samosprávy na Slovensku |c Nadežda Jankelová, Dušan Masár |
| 520 | |a Posúdenie kvality činnosti personálnych útvarov v kontexte územnej samosprávy využitím modelu zmiešaných rolí. | ||
| 610 | 2 | 0 | |a riadenie ľudských zdrojov |
| 610 | 2 | 0 | |a samospráva |
| 610 | 2 | 0 | |a manažment personálny |
| 100 | 1 | |a Jankelová, Nadežda, 1966- | |
| 700 | 1 | |a Masár, Dušan | |